The contribution of small scale aquaculture in poverty alleviation: a case of Choma district (Record no. 79842)

MARC details
000 -LEADER
fixed length control field 00660nam a2200157 a 4500
008 - FIXED-LENGTH DATA ELEMENTS--GENERAL INFORMATION
fixed length control field 170131s2015 ||||||||||||||||| || u
050 ## - LIBRARY OF CONGRESS CALL NUMBER
Classification number CBU-UG THESIS/MUL
100 ## - MAIN ENTRY--PERSONAL NAME
Personal name Mulenga, Daniel
245 14 - TITLE STATEMENT
Title The contribution of small scale aquaculture in poverty alleviation: a case of Choma district
Statement of responsibility, etc. by Daniel Mulenga
260 ## - PUBLICATION, DISTRIBUTION, ETC.
Place of publication, distribution, etc. Kitwe:
Name of publisher, distributor, etc. Copperbelt University
Date of publication, distribution, etc. 2015
300 ## - PHYSICAL DESCRIPTION
Extent xii, 46p.: ill.
500 ## - GENERAL NOTE
General note Bibliography
650 ## - SUBJECT ADDED ENTRY--TOPICAL TERM
Topical term or geographic name entry element AQUACULTURE--ECONOMIC ASPECTS--ZAMBIA
650 ## - SUBJECT ADDED ENTRY--TOPICAL TERM
Topical term or geographic name entry element AQUACULTURE--ECONOMIC ASPECTS
995 ## -
-- SPECIAL COLLECTIONS
-- 4210
-- CBU-MAIN LIBRARY (Kitwe)
-- CBU-UG THESIS/MUL
-- 2
-- AVAILABLE
-- Jul 27, 2020
-- B4210
-- University Collection
999 ## -
-- 79842
-- 79842
Holdings
Withdrawn status Lost status Source of classification or shelving scheme Damaged status Not for loan Permanent Location Current Location Shelving location Date acquired Total Checkouts Full call number Barcode Date last seen Copy number Price effective from Koha item type
          CBU-MAIN LIBRARY, KITWE. CBU-MAIN LIBRARY, KITWE.   06/29/2023   CBU-UG THESIS/MUL B4210 06/29/2023 1 06/29/2023 SPECIAL COLLECTION